La arquitectura del mundo islámico: su historia y significado social

Guardat en:
Dades bibliogràfiques
Autors principals: Michell, George (autor), Grubbe, Ernst J (Autor)
Format: Llibre
Idioma:espanyol
Publicat: Madrid Alianza 1985
Col·lecció:Alianza forma. Serie especial, 4
Matèries:
Etiquetes: Afegir etiqueta
Sense etiquetes, Sigues el primer a etiquetar aquest registre!

MARC

LEADER 00000nam a2200000 a 4500
001 UCV8458
003 CL-VaPUC
008 910809e19850000SP |||||||||||||||||spa|d
082 0 4 |a 723.3  |b MIC  |2 21 
100 |a Michell, George  |e autor  |9 302508 
700 0 |a Grubbe, Ernst J  |e author  |9 302509 
245 1 3 |a La arquitectura del mundo islámico: su historia y significado social 
300 |a 292 p 
942 |c BK 
945 |d 19910809 00:00:00 
260 |a Madrid  |b Alianza  |c 1985 
500 |a Título original :"Architecture islamic world its history and social meaning" 
500 |a Bibliografía : p. 286-288 
650 0 |a Arquitectura islámica   |9 266680 
583 |a last modification  |c 20190924 02:35:53  |k Rodrigo Vera 
490 0 |a Alianza forma. Serie especial, 4 
999 |c 213971  |d 213969 
952 |0 0  |1 0  |4 0  |6 723_300000000000000_MIC_1985  |7 0  |8 A  |9 196909  |a BIBARQ  |b BIBARQ  |d 2019-11-14  |i 2646749  |l 1  |o 723.3 MIC 1985  |p 2646749  |r 2025-01-20  |s 2022-09-12  |w 2019-11-14  |y BK  |k ARQ